Alpha and persistence in UK property fund management (Record no. 108205)

MARC details
000 -LEADER
fixed length control field 01286cad a22001935a 4500
001 - CONTROL NUMBER
control field L143532
008 - FIXED-LENGTH DATA ELEMENTS--GENERAL INFORMATION
fixed length control field 070207s2008 xxk f 000 0 eng d
035 ## - SYSTEM CONTROL NUMBER
System control number (Sirsi) u143532
041 0# - LANGUAGE CODE
Language code of text/sound track or separate title eng
110 2# - MAIN ENTRY--CORPORATE NAME
Corporate name or jurisdiction name as entry element Investment Property Forum
9 (RLIN) 2112
245 00 - TITLE STATEMENT
Title Alpha and persistence in UK property fund management
Remainder of title summary report
Medium [electronic resource]
260 ## - PUBLICATION, DISTRIBUTION, ETC.
Place of publication, distribution, etc. London
Name of publisher, distributor, etc. IPF
Date of publication, distribution, etc. 2008
520 ## - SUMMARY, ETC.
Summary, etc. Considers whether UK property funds can deliver persistent performance relative to a benchmark and on a risk-adjusted basis (i.e. alpha). Finds that overall, the evidence for systematic out-performance and alpha in property fund performance is not strong. Suggests it is limited to a small elite who can sustain such out-performance over relatively long periods. Good assets are the most consistent and influential factor accounting for out-performance and alpha. Reports that most investors interviewed did not see property as an alpha-generating asset class. Concludes that no fundamental changes in property investment strategies are indicated.
590 ## - LOCAL NOTE (RLIN)
Local note KA
651 #4 - SUBJECT ADDED ENTRY--GEOGRAPHIC NAME
Geographic name United Kingdom
Chronological subdivision
690 ## - LOCAL SUBJECT ADDED ENTRY--TOPICAL TERM (OCLC, RLIN)
Topical term or geographic name as entry element PROPERTY-COMMERCIAL PROPERTY-COMMERCIAL PROPERTY FINANCE AND INVESTMENT
856 40 - ELECTRONIC LOCATION AND ACCESS
Uniform Resource Identifier <a href="https://www.ipf.org.uk/">https://www.ipf.org.uk/</a>
Public note View the item free of charge at www.ipf.org.uk...
942 ## - ADDED ENTRY ELEMENTS (KOHA)
Suppress in OPAC 0
Holdings
Withdrawn status Lost status Source of classification or shelving scheme Damaged status Not for loan Home library Current library Shelving location Date acquired Total Checkouts Full call number Barcode Date last seen Copy number Price effective from Koha item type
    Dewey Decimal Classification     Virtual Virtual Online 15/05/2008   ONLINE PUBLICATION 143532-2001 06/08/2019 1 06/08/2019 Book